|
|
|
|
| LEADER |
00000cam a2200000 a 4500 |
| 001 |
vtls009735988 |
| 003 |
SK-MaSNL |
| 005 |
20260301130217.0 |
| 008 |
251120s2003 xo a rj f000 0 slo |
| 013 |
|
|
|a 283576
|b gw
|c patent
|d 20030911
|e dátum nadobudnutia účinkov patentu (Vestník ÚPV SR č.: 9/2003)
|d 20030818
|e dátum sprístupnenia patentu
|
| 013 |
|
|
|a 990-98
|e číslo prihlášky
|d 19970116
|e dátum podania prihlášky
|d 19981202
|e dátum zverejnenia prihlášky (Vestník ÚPV SR č.: 12/1998)
|
| 013 |
|
|
|a 196 03 033.1
|e číslo prioritnej prihlášky
|d 19960119
|e dátum podania prioritnej prihlášky
|b DE
|e kód krajiny prioritnej prihlášky
|
| 015 |
|
|
|a SNBN2014
|
| 035 |
|
|
|a (SVKBBclas03)vtls000214532
|
| 040 |
|
|
|a SNK
|b slo
|c SNK
|e AACR2
|
| 041 |
0 |
|
|a slo
|
| 044 |
|
|
|a xo
|c SK
|
| 072 |
|
7 |
|a 616
|x Patológia. Klinická medicína
|2 konspekt
|
| 080 |
|
|
|a 616-07
|2 2001
|
| 080 |
|
|
|a 616-073:535.371
|2 2001
|
| 084 |
|
|
|a A61K 49/00
|2 IPC
|
| 245 |
0 |
0 |
|a Perfluóralkylové skupiny obsahujúce kovové komplexy, spôsob ich výroby, prostriedky tieto látky obsahujúce a ich použitie v NMR-diagnostike
|c Johannes Platzek ... [et al.] ; patent. zást. Zuzana Hörmannová
|
| 260 |
|
|
|a [Banská Bystrica]
|b Úrad priemyselného vlastníctva SR
|c [2004]
|
| 300 |
|
|
|a 44 s.
|b tab.
|c 30 cm
|
| 650 |
0 |
7 |
|a diagnostika (medicína)
|2 SNKPH
|9 28740
|
| 650 |
0 |
7 |
|a fluorescenčná diagnostika
|2 SNKPH
|9 151559
|
| 650 |
0 |
7 |
|a Medical diagnostics
|2 SNKPHeng
|9 268685
|
| 650 |
0 |
7 |
|a Fluoroscence diagnostics
|2 SNKPHeng
|9 477351
|
| 650 |
0 |
7 |
|a kontrastné látky
|2 SNKPH
|9 477267
|
| 650 |
0 |
7 |
|a Contrast substances
|2 SNKPHeng
|9 477352
|
| 655 |
|
7 |
|a patenty
|2 SNKPH
|9 177343
|
| 655 |
|
7 |
|a patent licenses
|2 SNKPHeng
|9 303430
|
| 700 |
1 |
|
|a Niedballa, Ulrich
|4 org
|9 477353
|
| 700 |
1 |
|
|a Radüchel, Bernd
|4 org
|9 408868
|
| 700 |
1 |
|
|a Schlecker, Wolfgang
|4 org
|9 477354
|
| 700 |
1 |
|
|a Weinmann, Hans-Joachim
|4 org
|9 477355
|
| 700 |
1 |
|
|a Frenzel, Thomas
|4 org
|9 477356
|
| 700 |
1 |
|
|a Misselwitz, Bernd
|4 org
|9 477357
|
| 700 |
1 |
|
|a Ebert, Wolfgang
|4 org
|9 477358
|
| 700 |
1 |
|
|a Hörmannová, Zuzana
|4 oth
|9 303433
|
| 700 |
1 |
|
|a Platzek, Johannes
|4 org
|9 391126
|
| 710 |
2 |
|
|a Schering Aktiengesellschaft (Berlín, Nemecko)
|4 pth
|9 305143
|
| 999 |
|
|
|c 744739
|d 746669
|
| 952 |
|
|
|a SNK
|b SNK
|y PREZ
|7 0
|p 17A0457108
|o snkSK 283576
|i snk2005/7346
|8 0
|0 0
|1 0
|4 0
|d 2005-04-29
|l 0
|r 2026-02-23 23:12:44
|w 2026-02-23
|